1081 1921 1073 1292 1184 1587 1757 1859 1127 1727 1481 1419 1242 1435 1996 1094 1583 1573 1536 1456 1704 1548 1931 1981 1834 1616 1632 1057 1813 1632 1728 1886 1742 1967 1325 1999 1466 1488 1953 1454 1175 1101 1105 1681 1652 1727 1037 1690 1070 1058 1078 1424 1603 1941 1380 1341 1463 1362 1602 1487 1354 1633 1825 1172 1979 1290 1286 1602 1626 1444 1936 1562 1228 1968 1967 1084 1667 1714 1040 1387 1116 1076 1392 1292 1219 1024 1522 1554 1511 1581 1976 1799 1382 1133 1399 1440 1198 1918 1194 BCNSPRNW ULIB Ver.6.0+V

เปลี่ยนเป็นภาษาไทย

Change to English
 แสดงรายละเอียดบรรณานุกรม
  กลับหน้าหลัก

Brief Record : Get Marc (ISO 2709) : E-mail record : QR code < ปิดหน้าต่าง
LEADER : 00000nam 2200000uu 4500
001    13399120072
003     ULIB
008    110203s2555||||th 000 0 tha d
020    9742939314(ล.2)
020    9789742939311(ล.2)
060 04 WY159^bก496 ล2
245 00 การพยาบาลเด็ก เล่ม 2 /^cบรรณาธิการ, พรทิพย์ศิริบูรณ์พิพัฒนา
250    พิมพ์ครั้งที่ 10
260    นนทบุรี :^bโครงการสวัสดิการวิชาการ สถาบันพระบรมราชชนกกระทรวงสาธารณสุข,^c2555
300    [12], 467 หน้า :^bภาพประกอบ ;^c26 ซม.
504    มีบรรณานุกรมและดัชนี
650  7 การพยาบาลกุมารเวชศาสตร์
700 0  พรทิพย์ ศิริบูรณ์พิพัฒนา,^eบรรณาธิการ
710 2  กระทรวงสาธารณสุข
710 2  สถาบันพระบรมราชราชชนก ^bโครงการสวัสดิการวิชาการ
945    ^p250^l0^i032621
945    ^p250^l0^i032622
945    ^p250^l0^i032623
945    ^p250^l0^i032624
945    ^p250^l0^i032625
945    ^p250^l0^i032626
945    ^p250^l0^i032627
945    ^p250^l0^i032628
945    ^p250^l0^i032629
945    ^p250^l0^i032630
995    ทศพร
999 ^a ใช้งานได้ทุกระบบ
รายการนี้ยังไม่มีแท็ก
คุณยังไม่ได้ล็อกอิน คุณสามารถมีกิจกรรมร่วมกับเว็บไซต์ได้ แต่ต้องล็อกอินก่อน ::
  ล็อกอิน

รายการสื่อสารสนเทศ

ลำดับที่ ประเภท เลขเรียก/บาร์โค้ด สถานที่ สถานะ
1. วิทยาศาสตร์การแพทย์ และสุขภาพ
หนังสือสำรอง
สถานะ=หนังสือสำรอง
WY159 ก496 ล2 ฉ.1 
  Barcode: 032621
ห้องสมุดวิทยาเขตสวรรค์ประชารักษ์
►ส่วนจัดเก็บหนังสือเก่า สปร
บนชั้น
  ขอยืม
2. วิทยาศาสตร์การแพทย์ และสุขภาพ
วิทยาศาสตร์การแพทย์ และสุขภาพ
WY159 ก496 ล2 ฉ.10 
  Barcode: 032630
ห้องสมุดวิทยาเขตสวรรค์ประชารักษ์
►ส่วนจัดเก็บหนังสือเก่า สปร
บนชั้น
  ขอยืม
3. วิทยาศาสตร์การแพทย์ และสุขภาพ
วิทยาศาสตร์การแพทย์ และสุขภาพ
WY159 ก496 ล2 ฉ.2 
  Barcode: 032622
ห้องสมุดวิทยาเขตสวรรค์ประชารักษ์
►ส่วนจัดเก็บหนังสือเก่า สปร
บนชั้น
  ขอยืม
4. วิทยาศาสตร์การแพทย์ และสุขภาพ
วิทยาศาสตร์การแพทย์ และสุขภาพ
WY159 ก496 ล2 ฉ.3 
  Barcode: 032623
ห้องสมุดวิทยาเขตสวรรค์ประชารักษ์
►ส่วนจัดเก็บหนังสือเก่า สปร
บนชั้น
  ขอยืม
5. วิทยาศาสตร์การแพทย์ และสุขภาพ
วิทยาศาสตร์การแพทย์ และสุขภาพ
WY159 ก496 ล2 ฉ.4 
  Barcode: 032624
ห้องสมุดวิทยาเขตสวรรค์ประชารักษ์
►ส่วนจัดเก็บหนังสือเก่า สปร
บนชั้น
  ขอยืม
6. วิทยาศาสตร์การแพทย์ และสุขภาพ
วิทยาศาสตร์การแพทย์ และสุขภาพ
WY159 ก496 ล2 ฉ.5 
  Barcode: 032625
ห้องสมุดวิทยาเขตสวรรค์ประชารักษ์
►ส่วนจัดเก็บหนังสือเก่า สปร
บนชั้น
  ขอยืม
7. วิทยาศาสตร์การแพทย์ และสุขภาพ
วิทยาศาสตร์การแพทย์ และสุขภาพ
WY159 ก496 ล2 ฉ.6 
  Barcode: 032626
ห้องสมุดวิทยาเขตสวรรค์ประชารักษ์
►ส่วนจัดเก็บหนังสือเก่า สปร
บนชั้น
  ขอยืม
8. วิทยาศาสตร์การแพทย์ และสุขภาพ
วิทยาศาสตร์การแพทย์ และสุขภาพ
WY159 ก496 ล2 ฉ.7 
  Barcode: 032627
ห้องสมุดวิทยาเขตสวรรค์ประชารักษ์
►ส่วนจัดเก็บหนังสือเก่า สปร
บนชั้น
  ขอยืม
9. วิทยาศาสตร์การแพทย์ และสุขภาพ
วิทยาศาสตร์การแพทย์ และสุขภาพ
WY159 ก496 ล2 ฉ.8 
  Barcode: 032628
ห้องสมุดวิทยาเขตสวรรค์ประชารักษ์
►ส่วนจัดเก็บหนังสือเก่า สปร
บนชั้น
  ขอยืม
10. วิทยาศาสตร์การแพทย์ และสุขภาพ
วิทยาศาสตร์การแพทย์ และสุขภาพ
WY159 ก496 ล2 ฉ.9 
  Barcode: 032629
ห้องสมุดวิทยาเขตสวรรค์ประชารักษ์
►ส่วนจัดเก็บหนังสือเก่า สปร
บนชั้น
  ขอยืม

รายการใกล้เคียง
    หัวเรื่อง [การพยาบาลกุมารเวชศาสตร์]

BibComment


ยังไม่เคยถูกคอมเมนท์

คอมเมนท์ทรัพยากรรายการนี้
  คอมเมนท์: การพยาบาลเด็ก เล่..


 Copyright 2026. Bcnsprnw @Library